000 00920nam a2200289 4500
003 DO-SdBPM
005 20260304090605.0
007 ta
008 161122b2003 mx| |||| 00| 0 spa d
020 _a9681906667
040 _a DO-SdBPM
_bspa
_cBPMSU
_erda
082 0 4 _aA863.6
_bG177c 2003
_222
100 1 _aGálmez, Griselda
_eautora
_4aut.
_d
245 _aCandelaria /
_cGriselda Gálmez
260 _aMéxico :
_bAlfagura ,
_c2003
300 _a18 páginas :
_bilustraciones :
_c20 cm
336 _atexto
_btxt
_2rdacontent
337 _asin mediación
_bn
_2rdamedia
338 _avolumen
_bn
_2rdacarrier
590 _aInventariado, 2026/VM
650 7 _aCuentos juveniles argentinos.
650 7 _aLibros ilustrados para niños.
650 7 _aTravesuras
_vCuentos infantiles
700 1 _a Wernicke, María,
_eilustrador.
910 _aVMateo V. Control de calidad. BPMSU
942 _2ddc
_cBK
999 _c12022
_d12022